Truyện cổ dân gian Đức
Nội dung cuốn sách giới thiệu 21 truyện cổ dân gian đặc sắc của Đức
Na minha lista:
| Formato: | Livro |
|---|---|
| Idioma: | Undetermined |
| Publicado em: |
Hà Nội
Hội Nhà văn
2006
|
| Assuntos: | |
| Tags: |
Adicionar Tag
Sem tags, seja o primeiro a adicionar uma tag!
|
| Thư viện lưu trữ: | Trung tâm Học liệu Trường Đại học Cần Thơ |
|---|
| LEADER | 00792nam a2200193Ia 4500 | ||
|---|---|---|---|
| 001 | CTU_123407 | ||
| 008 | 210402s9999 xx 000 0 und d | ||
| 020 | |c 52000 | ||
| 082 | |a 398.20943 | ||
| 082 | |b Tr527 | ||
| 245 | 0 | |a Truyện cổ dân gian Đức | |
| 245 | 0 | |c Quang Chiến (tuyển chọn và giới thiệu) | |
| 260 | |a Hà Nội | ||
| 260 | |b Hội Nhà văn | ||
| 260 | |c 2006 | ||
| 520 | |a Nội dung cuốn sách giới thiệu 21 truyện cổ dân gian đặc sắc của Đức | ||
| 650 | |a Folk literature, German | ||
| 904 | |i Hiếu (Năm đổi Cutter Qu106 thànhTr527) (đổi số phân loại 398.209363 thành 398.20943, chua in nhan, Tuyến) | ||
| 980 | |a Trung tâm Học liệu Trường Đại học Cần Thơ | ||